Tilastot visalle Seitsemän maanosaa

Klikkaa tästä pelataksesi tätä visaa!

Yleistilastot

  • Tätä visaa on pelattu 4 616 kertaa
  • Keskiarvotulos 6 / 7

Vastaukset kartalla

Vastauksille on annettu kartalla punavihreä väri sen mukaan, kuinka moni on saanut sen oikein.
Ladataan ...
 

Vastaustilastot

Vastaus% Oikein
Aasia
95%
Eurooppa
94%
Afrikka
92%
Australia ja Oseania
92%
Etelä-Amerikka
92%
Etelämanner
92%
Pohjois-Amerikka
89%

Tulosjakauma

Persentiili vastausten määrän mukaan

Jokaisen tuloksen saaneiden osuus

Tuloshistoriasi

Et ole pelannut tätä visaa